Historiaa kirjaimittain - O - Statistics

Yleistilastot
  • Tätä visaa on pelattu 1 382 kertaa
  • Keskiarvotulos 10 / 20
Vastaustilastot
Vihje Vastaus % Oikein
Vuonna 776 eaa. ensimmäisen kerran järjestetty kreikkalainen urheilukilpailu Olympialaiset
96%
Englannin vanhin yliopisto Oxford
89%
Konstantinopolin vallannut turkkilainen valtakunta Osmanien valtakunta
84%
Kreikkalaisessa mytologissa jumalten asuinpaikka Olympos
72%
Kahteen sotaan Kiinassa johtanut huumausaine Oopiumi
66%
Pyhän saksalais-roomalaisen keisarikunnan ensimmäinen keisari Otto Suuri
65%
Ydinpommin "isä" Robert Oppenheimer
65%
Itämerellä 1850-luvun puolivälissä käyty Krimin sotaan kuulunut "sota" {Oolannin} sota
58%
Toinen Homeroksen nimiin laitetuista eepoksista Odysseia
49%
Japanille kuuluva saari, jossa käytiin verinen taistelu toisessa maailmansodassa Okinawa
49%
Aiemmin nimellä Kristiaania tunnettu kaupunki Oslo
48%
Norjan "pyhä" kuningas ja sotilaiden suojeluspyhimys, joka kävi viikinkinä Suomessa ryöstöretkellä Olavi Pyhä
46%
Kuoleman valtakunnan jumala muinaisessa Egyptissä Osiris
39%
Jeanne d’Arc vapautti tämän kaupungin piirityksestä Orléans
38%
Cromwellin etunimi Oliver
37%
Normandian maihinnousun suurimmat tappiot aiheuttanut ranta Omaha Beach
36%
Vuonna 1973 öljyn vientikiellon määrännyt kartelli OPEC
28%
Alankomaiden kruununperilliselle kuuluva arvonimi {Oranjen} prinssi/prinsessa
20%
Valtavista kivipääveistoksistaan tunnettu muinainen meksikolainen korkeakulttuuri Olmeekit
14%
Muodonmuutokset kirjoittanut antiikin roomalainen runoilija Ovidius
9%
Ehtoja vastaavia visoja ei löytynyt
Tulosjakauma
Jokaisen tuloksen saaneiden osuus
Persentiili vastausten määrän mukaan
Tuloshistoriasi
Et ole pelannut tätä visaa